[Event "EU-Cup 31st"]
[Site "Skopje"]
[Date "2015.10.23"]
[Round "6.3"]
[White "Najer, Evgeniy"]
[Black "Nakamura, Hikaru"]
[Result "1/2-1/2"]
[WhiteElo "2658"]
[BlackElo "2816"]
[Annotator "Mokal,P"]
[PlyCount "101"]
[EventDate "2015.10.18"]
[EventType "team-swiss"]
[EventRounds "7"]
[EventCountry "MKD"]
[SourceTitle "CBM 169"]
[Source "ChessBase"]
[SourceDate "2015.11.10"]
[SourceVersion "1"]
[SourceVersionDate "2015.11.10"]
[SourceQuality "1"]
[WhiteTeam "SHSM Legacy"]
[BlackTeam "Padova"]
[WhiteTeamCountry "RUS"]
[BlackTeamCountry "ITA"]

1. d4 e6 2. c4 b6 3. e4 ({Its been more than a couple of years since Nakamura
tried the English Defence in a serious game. One of his previous games went} 3.
Nc3 Bb7 4. e4 Bb4 5. f3 Ne7 6. Bd3 f5 7. Nge2 fxe4 8. fxe4 O-O 9. Be3 {Now
before giving up his dark squared B for the N Nakamura made a nice and typical
change in the pawn structure...} e5 $1 10. d5 Na6 11. Qd2 Nc5 12. Bc2 Nc8 13.
a3 Bxc3 14. Qxc3 Nd6 $132 {1/2-1/2 Onischuk,A (2660)-Nakamura,H (2775)/Saint
Louis 2012/CBM 149 (41)}) ({Another encounter saw -} 3. Nf3 Bb7 4. g3 Bxf3 5.
exf3 c6 6. d5 Bb4+ 7. Bd2 Qe7 8. dxe6 Nf6 9. Nc3 O-O 10. Qe2 Re8 11. Bg2 $5
Qxe6 12. Qxe6 fxe6 13. O-O-O d5 $132 {1/2-1/2 Akobian,V (2625)-Nakamura,H 
(2775)/Saint Louis 2012/CBM 149 (30). White had the double Bs while Black had
the better pawn structure.}) 3... Bb7 4. Bd3 Nc6 ({Refraining from the sharp} 
4... f5) 5. Ne2 Nb4 6. O-O g6 7. Nbc3 Nxd3 8. Qxd3 Bg7 9. d5 {[%csl Rb7,Gc4,
Gd5,Ge4][%cal Ge2d4,Gc1e3,Ge3d4] Now a popular approach, this central advance
not only grabs space, but also shuts the eyes of the B on b7. Moreover White
plans to use the d4-square for his N or B soon.} d6 10. f4 Ne7 11. Be3 O-O (
11... Qd7 12. Nd4 O-O-O {looks risky in view of} 13. a4 {[%cal Ga4a5]} a5 14.
Rfb1 $40 {[%cal Gb2b4] It is clear that White is very fast in starting play
near the Black K.} (14. b4 $5 $40)) 12. Nd4 $146 (12. g4 f5 $5 13. exf5 gxf5
14. dxe6 Bc8 (14... fxg4 15. f5 $13) 15. Bd4 $1 Bxe6 16. Bxg7 Kxg7 17. Ng3 $1
$16 {[%csl Rg7] 1-0 Janssen,R (2290)-Dambacher,M (2135)/Leiden 1998/EXT 2002 
(38). The Black K's vulnerability gave White a clear edge.}) (12. Ng3 Bc8 (
12... Qd7 13. f5 $1 $36 exf5 14. exf5 Nxf5 15. Nxf5 gxf5 16. Rxf5 $16 {[%csl
Rf7,Rh7] Black's shattered P structure on the >> gave White a typical
advantage. 1-0 Gordon,S (2521)-Shaw,J (2469)/Halifax 2008/CBM 127 Extra (36)})
13. Rae1 Bd7 14. e5 $5 exd5 15. cxd5 Nf5 16. Bf2 dxe5 17. fxe5 Re8 18. Nxf5
Bxf5 19. Qd4 $14 {with a slight edge for White due to the central Ps but Black
keeps his chances with the ^^. 1-0 Hoang Thanh Trang (2450)-Seres,L (2428)/
Budapest 1999/CBM 072 (34)}) 12... e5 13. fxe5 (13. Nf3 $5 exf4 (13... f5 14.
fxe5 dxe5 15. Ng5 $36) (13... Ba6 14. f5 $36) 14. Bxf4 Qd7 15. Qd2 $14 {
[%cal Gf4h6]}) 13... dxe5 14. Nf3 Ba6 ({Worth considering was} 14... Nc8 {
[%cal Gc8d6] /\...Nd6.}) 15. b4 (15. a4 $5 Nc8 16. a5 Nd6 $14) 15... h6 {
[%cal Gg6g5,Ge7g6] Nakamura had probably made up his mind about putting his N
on the >>.} ({Black had another opportunity to go for} 15... Nc8 $5 16. b5 Bb7
17. c5 bxc5 18. Bxc5 Nd6 $13) 16. b5 Bc8 17. c5 g5 (17... bxc5 $6 18. Bxc5 $16
{[%cal Gc5f8] prevents Black's intended N manoeuvre for a while.}) 18. Rad1 ({
The tempting} 18. d6 {does not promise much.} bxc5 {[%cal Gd8d3]} 19. Bxc5 cxd6
20. Qxd6 (20. Bxd6 $6 Qb6+ 21. Kh1 Rd8 $15) 20... Ng6 $132) ({But, White had a
stronger alternative in the immediate} 18. a4 $5 {[%cal Ga4a5]} Ng6 19. a5 {
, for example} bxc5 20. Bxc5 Re8 21. Qe3 a6 22. b6 cxb6 23. axb6 Bb7 24. Nd2
$16 {[%cal Gd2c4,Gc4a5,Gd2b3,Gb3a5]}) 18... Ng6 19. a4 bxc5 ({Black could have
put his N on 'the' square with} 19... Nf4 $5 {but there isn't much to follow
it up with. For example} 20. Qc4 {[%cal Gg2g3,Rf7f5,Gc4g8]} Kh7 (20... g4 $2
21. Nxe5 $16) (20... Bg4 21. h3 $16) 21. g3 Nh3+ 22. Kg2 $16 {[%csl Ra8] It is
clear that White has more pieces where the action is going on.}) 20. Bxc5 Re8
21. Qe3 a6 22. d6 (22. b6 $5 cxb6 23. Bxb6 $14 Qd7 (23... Qe7 24. d6 Qd7 25.
Nd5 $36) 24. Nd2 Nf4 25. Nc4 Bb7 26. Bc5 $16 {[%cal Gc4b6]}) 22... Be6 (22...
cxd6 23. Bxd6 Qa5 24. Nd5 axb5 25. Nc7 Bb7 26. axb5 $16) (22... axb5 23. Nxb5 (
23. axb5 $5 {is similar to the game.}) 23... cxd6 24. Bxd6 Rxa4 25. Nc7 {
[%csl Re8]} Bd7 (25... Rf8 26. Bxe5 Qe7 27. Bd6 $16) 26. Nxe8 Qxe8 27. Ra1 $14)
23. Nd5 Bxd5 (23... cxd6 24. Nb6 ({Winning the exchange does not bring any
advantage as after} 24. Bb6 Qd7 25. Nc7 axb5 26. axb5 Rec8 27. Nxa8 Rxa8 28.
Bc5 Bf8 $11 {[%cal Gg5g4,Gg6f4,Ga8b8,Ge6c4] Black's active minor and major
pieces look to round up White's b-P at the same time creating threats on the >>
}) (24. Bxd6 g4 $1 25. Ne1 Bxd5 26. Rxd5 Nf4 27. Rd2 Qa5 $11) 24... Rb8 25.
Rxd6 Qc7 26. Rc6 Qb7 {White seems slightly better. Play could continue} 27. Bd6
axb5 28. axb5 Ne7 (28... g4 29. Nd2 Ne7 30. Bxb8 Rxb8 31. Rd6 Qc7 32. Ndc4 Bxc4
33. Nxc4 Qxc4 34. Qa7 $16) 29. Bxb8 Nxc6 30. bxc6 Qxb8 31. Rc1 $14) 24. Rxd5
axb5 25. d7 $5 (25. axb5 cxd6 26. Rxd6 $14) 25... Re6 26. axb5 g4 (26... Rb8 $5
) 27. Ne1 Nf4 28. Rd1 (28. Rd2 $5 Bf6 $14 {[%cal Gf6g5,Gg5d2,Gf6e7,Ge7c5]})
28... Rb8 29. Nd3 $6 {Missing or probably misjudging Black's simplifying idea.}
({White would have retained a big advantage after} 29. Qf2 $142 {[%cal Ge1d3] ,
for example} Rxb5 (29... Bf6 30. Nd3 Bg5 31. Kh1 {[%cal Gg2g3]} Kh8 (31... Rf6
32. Nxe5 Nd3 33. Rxd3 Rxf2 34. Bxf2 $18 {[%cal Ge5c6]}) 32. Nb4 (32. Nxf4 $5
$18) 32... Rxb5 33. g3 Nh3 34. Qxf7 $18) 30. Nd3 {[%cal Gf2f7]} Bf6 31. Kh1 $16
{[%csl Gd7] Black's pieces are stuck and he has no reasonable way of getting
rid of the d7-P.} (31. Nxf4 $6 exf4 {[%cal Gb5c5]})) 29... Qxd7 $8 (29... Nxd3
$2 30. Qxd3 $18) (29... Ng6 30. Nb4 Rxb5 31. Qf2 Nf4 32. Nd5 Kh7 33. Be7 $18) (
29... Rxb5 30. Nxf4 exf4 31. Qxf4 $18 {[%csl Gd7,Rd8,Rf7,Rg4]}) 30. Nxf4 exf4
31. Rxd7 (31. Qxf4 Qe8 32. Qxc7 (32. Qxg4 Rxb5 $11) 32... Rc8 33. Qa5 Re5 $11)
31... fxe3 32. Rfxf7 Be5 (32... Bc3 $5 33. Bxe3 Rxe4 34. Bc5 Rc4 (34... Be5 $5)
35. Rf5 (35. Rxc7 $2 Rxc5 $19) 35... Re8 $11 36. Rxc7 $2 Bd4+) 33. Kf1 (33.
Bxe3 Rxb5 $11) 33... Rf6+ $1 34. Rxf6 Bxf6 35. Bxe3 Rxb5 36. Bxh6 (36. Rxc7 Rb4
{would transpose to the game.}) 36... Rb4 37. Rxc7 Rxe4 38. Bd2 ({There was no
point in} 38. Kf2 {as White would have to just return after} Bd4+ {[%cal Gd4e5,
Ge5c7,Ge5g3]}) 38... Ra4 39. Bc3 Rf4+ 40. Ke2 Bxc3 41. Rxc3 Kf7 42. Ke3 Rf1 43.
Rc6 g3 $1 {Nicely done by Nakamura. With the opposing K in front of the pawns,
the doubled pawns do not win in the R_|_.} 44. hxg3 (44. h3 Rf2 $11) 44... Rf5
45. g4 Ra5 46. Kf4 Kg7 47. g5 Ra2 48. g3 Ra4+ 49. Kf5 Ra5+ 50. Kg4 Ra1 51. Kf5
1/2-1/2

[Event "RUS-chT 05th"]
[Site "Maikop"]
[Date "1998.06.03"]
[Round "1"]
[White "Vaulin, Alexander"]
[Black "Ibragimov, Ildar"]
[Result "1-0"]
[WhiteElo "2535"]
[BlackElo "2590"]
[Annotator "Petursson,M"]
[PlyCount "70"]
[EventDate "1998.06.03"]
[EventType "team-tourn"]
[EventRounds "11"]
[EventCountry "RUS"]
[SourceTitle "CBM 066"]
[Source "ChessBase"]
[SourceDate "1998.09.30"]
[SourceVersion "1"]
[SourceVersionDate "1998.09.30"]
[SourceQuality "1"]
[WhiteTeam "Ekaterinburg Agat"]
[BlackTeam "Kazan Sberbank-Tatarstan"]
[WhiteTeamCountry "RUS"]
[BlackTeamCountry "RUS"]

1. c4 b6 2. d4 e6 3. d5 Nf6 4. a3 Ba6 5. e3 exd5 6. cxd5 Bxf1 7. Kxf1 g6 8. Nc3
Bg7 9. g3 O-O 10. Kg2 c6 11. Nge2 Na6 12. Ra2 cxd5 13. Nxd5 Nc7 14. Nxf6+ Qxf6
15. Nf4 d5 16. b3 $14 d4 17. exd4 Nb5 $2 (17... Qxd4 18. Qxd4 Bxd4 19. Rd2 Rfd8
20. Rhd1 Bf6 21. Rd7 $14) 18. d5 $1 $16 Nc3 19. Bb2 Rac8 20. Bxc3 Qxc3 21. Re1
Rfd8 22. Re3 Qc5 23. b4 Qc4 24. Rd2 Rd6 25. Re7 a5 26. bxa5 bxa5 27. Qf3 Bf8 {
[%tqu "En","Can you find the winning move?","His weak spot is f7!  You do not
have to move the attacked rook!","Take a pawn with your knight and attack f7",
"f4g6","",10]} 28. Nxg6 $1 $18 Bxe7 29. Nxe7+ Kf8 30. Nxc8 Qxc8 31. Qe4 Qc5 32.
Qxh7 Rxd5 33. Qh8+ Ke7 34. Re2+ Kd6 35. Qf8+ Kc6 1-0

[Event "Reykjavik Olafsson"]
[Site "Reykjavik"]
[Date "1995.??.??"]
[Round "3"]
[White "Petursson, Margeir"]
[Black "Gretarsson, Helgi Ass"]
[Result "1-0"]
[WhiteElo "2565"]
[BlackElo "2440"]
[Annotator "Petursson,M"]
[PlyCount "133"]
[EventDate "1995.09.??"]
[EventType "tourn"]
[EventRounds "11"]
[EventCountry "ISL"]
[EventCategory "11"]
[SourceTitle "CBM 049"]
[Source "ChessBase"]
[SourceDate "1995.12.01"]
[SourceVersion "1"]
[SourceVersionDate "1995.12.01"]
[SourceQuality "1"]

1. c4 b6 2. d4 e6 3. a3 Bb7 4. Nc3 f5 5. d5 Nf6 6. Nf3 g6 $5 7. dxe6 {N} (7. g3
{Fioramonti-Khenkin, Geneva open 1995}) 7... dxe6 8. Qxd8+ Kxd8 9. Bf4 Bd6 10.
Bg3 $5 (10. Bxd6 cxd6 11. Nb5 Ne8 $10) 10... f4 $2 (10... Ke7) 11. Bh4 Ke7 12.
e3 $1 Nbd7 13. Bd3 Rag8 14. Be4 $1 Bxe4 15. Nxe4 fxe3 16. fxe3 h6 17. Nd4 $1
$16 g5 18. Nc6+ Kf7 19. Nxd6+ cxd6 20. Bg3 e5 21. Nxa7 Ke6 22. Ke2 Ra8 23. Nb5
Rhc8 24. Rac1 Ne4 25. Be1 h5 26. Bb4 Rc6 27. b3 g4 28. Be1 Ndc5 29. Rb1 Rf8 30.
Rf1 $1 Rxf1 31. Kxf1 d5 32. cxd5+ Kxd5 33. Rd1+ Ke6 34. Rc1 $1 Nd6 35. Nd4+ $1
$18 exd4 36. exd4 Nb5 37. dxc5 bxc5 38. Bf2 Kd5 39. Rd1+ Ke4 40. a4 Nc3 41. Rd8
Nd5 42. Re8+ Kf5 43. a5 Ra6 44. Bg3 h4 $8 45. Be1 Nb4 46. Rh8 Kg6 47. Rxh4 Kg5
48. Rh8 Rxa5 49. Bd2+ Kf6 50. Bxb4 cxb4 51. Rb8 Ra2 52. Rxb4 Kf5 53. Rc4 Rb2
54. b4 Kg5 55. h3 g3 56. Rg4+ Kf5 57. Rxg3 Rxb4 58. Rf3+ Kg5 59. g3 Rb2 60. Rf2
Rb3 61. Kg2 Ra3 62. h4+ Kg4 63. Rf4+ Kh5 64. Kh3 Rb3 65. Re4 Ra3 66. Re5+ Kg6
67. Kg4 1-0

[Event "USA-ch"]
[Site "Parsippany"]
[Date "1996.??.??"]
[Round "11"]
[White "Gurevich, Dmitry"]
[Black "Shabalov, Alexander"]
[Result "1-0"]
[WhiteElo "2570"]
[BlackElo "2565"]
[Annotator "Petursson,M"]
[PlyCount "41"]
[EventDate "1996.07.13"]
[EventType "tourn"]
[EventRounds "13"]
[EventCountry "USA"]
[EventCategory "12"]
[SourceTitle "CBM 055"]
[Source "ChessBase"]
[SourceDate "1996.12.01"]
[SourceVersion "1"]
[SourceVersionDate "1996.12.01"]
[SourceQuality "1"]

1. d4 e6 2. c4 b6 3. Nc3 Bb4 4. e3 Bb7 5. Nge2 c5 6. a3 Ba5 7. Bd2 Bxc3 8. Bxc3
Nf6 9. dxc5 bxc5 10. Ng3 d6 11. Be2 Bxg2 12. Rg1 Bc6 13. Nh5 Nxh5 14. Bxh5 Rg8
15. Bxg7 Qh4 $2 16. Qxd6 $1 $18 Qxc4 (16... Qxh5 17. Bf6 Rxg1+ 18. Kd2 $18) 17.
Rd1 Bd5 18. Rg4 Qa6 19. Bxf7+ Kxf7 20. Qc7+ Ke8 21. Bf6 1-0

[Event "Bundesliga 1314"]
[Site "Germany"]
[Date "2013.11.24"]
[Round "4.8"]
[White "Postny, Evgeny"]
[Black "Gonda, Laszlo"]
[Result "1/2-1/2"]
[WhiteElo "2631"]
[BlackElo "2535"]
[Annotator "Postny,E"]
[PlyCount "206"]
[EventDate "2013.10.12"]
[EventType "team-tourn"]
[EventRounds "15"]
[EventCountry "GER"]
[SourceTitle "CBM 158"]
[Source "ChessBase"]
[SourceDate "2014.01.16"]
[SourceVersion "1"]
[SourceVersionDate "2014.01.16"]
[SourceQuality "1"]
[WhiteTeam "Eppingen"]
[BlackTeam "Trier"]
[WhiteTeamCountry "GER"]
[BlackTeamCountry "GER"]

1. d4 e6 2. c4 b6 {The opening choice of my opponent was a surprise to me.} 3.
a3 {I decided to go for the solid system.} (3. e4 {is a more principled
continuation.}) 3... Bb7 4. Nc3 f5 5. d5 {Blocking the long diagonal in order
to develop the bishop on g2.} Nf6 6. g3 Na6 7. Bg2 Nc5 8. Nh3 Bd6 {This
somewhat unusual way of development is standard for this line. So far my
opponent had played very quickly.} 9. O-O O-O 10. Qc2 {This is the most
logical - to cover the e4 square and prepare Rd1.} (10. Nb5 {is a worthy
alternative.}) 10... a5 (10... Be5 11. Be3 Ng4 12. Bf4 Bxf4 13. Nxf4 e5 14. Nd3
e4 15. Nxc5 bxc5 16. b4 $14 {1-0 (52) Farago,I (2465)-Greenfeld,A (2552)
Dresden 2013}) 11. Rd1 Qe7 12. Rb1 Rae8 $6 $146 {Played after a very long
period of thought. It makes sense to bring the last piece into play, but the
move has a concrete tactical drawback.} (12... exd5 13. cxd5 Nfe4 (13... Nce4
14. Nxe4 fxe4 {is perfectly playable for Black.}) 14. Nb5 a4 15. Be3 Ra5 16.
Nxd6 cxd6 17. Bxe4 Qxe4 18. Qxe4 fxe4 19. Nf4 $14 {1-0 (40) Kozul,Z (2595)
-Hamdouchi,H (2455) Biel 1993}) 13. Be3 $2 {As bad as it is inconsistent! I
thought that 13.b4 didn't really work, but then what was the point of my
previous move?! It was, obviously, impossible to calculate everything, but I
should have relied on my intuition.} (13. b4 $1 axb4 14. axb4 Nce4 (14... Na6
$6 15. Nb5 exd5 (15... Nxb4 16. Rxb4 (16. Qb3 $1 Na6 17. Nxd6 cxd6 (17... Nc5
18. Nxe8 Nxb3 19. Nxf6+ Qxf6 20. Rxb3 $18) 18. Qxb6 Nc5 19. Ba3 Ba8 20. dxe6
Bxg2 21. Kxg2 Qxe6 22. Qxd6 Qxd6 23. Rxd6 {with a healthy pawn up.}) 16... Bxb4
17. d6 Bxd6 18. Bxb7 $16) 16. Nxd6 Qxd6 17. cxd5 Nxb4 18. Qb3 Nbxd5 19. Nf4 $16
{[%csl Rd5][%cal Gc1a3]}) 15. c5 $1 Be5 (15... bxc5 $2 16. Nxe4 Nxe4 17. Bxe4
fxe4 18. bxc5 $18 {[%csl Rb7,Rd6]}) 16. Nxe4 fxe4 17. dxe6 Qxe6 18. Ng5 Qe7 19.
Nxe4 Bxe4 20. Bxe4 Nxe4 (20... Bxg3 $2 21. Bg2 $1 Bxf2+ 22. Kxf2 Ng4+ 23. Kg1
Qh4 24. Qb3+ Re6 25. Qg3 $18) 21. Qxe4 Rxf2 $1 22. cxb6 (22. Bf4 $6 Rxe2 $1 23.
Qxe2 Bd4+ 24. Be3 Bxe3+ 25. Kg2 bxc5 26. Qc4+ Qe6 27. Qxe6+ dxe6 {Here Black's
chances for a draw are very good.}) 22... Rf7 (22... cxb6 23. Bf4 Rxe2 24. Qxe2
Bd4+ 25. Be3 Bxe3+ 26. Kg2 $16) 23. bxc7 Bxc7 24. Qxe7 Rfxe7 25. e3 Bb6 $14)
13... Nce4 $1 14. Nxe4 fxe4 (14... Nxe4 15. dxe6 dxe6 16. Ng5 Nxg5 17. Bxg5
Qxg5 18. Bxb7 f4 $15) 15. dxe6 (15. Bxe4 Nxe4 16. Qxe4 exd5 17. Qxe7 Rxe7 18.
cxd5 Rf5 $15 {[%csl Rd5] winning the pawn back.}) 15... Qxe6 16. c5 {Somehow
my position had got a bit cramped, so it's the only reasonable way to create
any activity.} ({After} 16. Nf4 Qe7 {I didn't see my next useful move.}) 16...
bxc5 17. Bxc5 (17. Ng5 $6 {looks promising, but this time I correctly
evaluated that the resulting mess is not in my favour.} Qe5 $1 18. Bf4 Qf5 19.
Bh3 Qg6 20. Qb3+ Kh8 21. Qxb7 (21. Rxd6 cxd6 22. Qxb7 Rb8 23. Qa6 Nd5 24. Bxd6
e3 25. Qd3 exf2+ 26. Kh1 Qxg5 27. Bxb8 Rxb8 $17) (21. Bxd6 cxd6 22. Qxb7 Qxg5
23. Bxd7 Re7 24. Rxd6 Qh5 $36) 21... Rb8 22. Qa6 Bxf4 23. gxf4 h6 $17) 17...
Bxc5 18. Qxc5 Qe5 $15 (18... e3 $2 19. Bxb7 Qxh3 20. f3 {parrying all the
threats.}) 19. Rbc1 Bc6 {This is a natural "human" move. The grabbing of the
Pb2 would be typical computer stuff.} (19... Qxb2 $6 20. Rb1 (20. Qxc7 $2 Rc8
21. Qf4 Qxe2 $17) (20. Nf4 $5 Bc6 21. Bh3 {with some compensation for the pawn.
}) 20... Qxe2 21. Bf1 Qg4 22. Nf4 e3 23. Be2 exf2+ 24. Qxf2 Rxe2 25. Qxe2 Qxe2
26. Nxe2 Bf3 27. Re1 $13) 20. b4 Qxc5 21. Rxc5 axb4 22. axb4 Ra8 {I expected
22...Rb8. The move in the text gave me a tempo to create some active play.} (
22... Rb8 23. Rd4 Rb6 24. Ng5 Re8 $15) 23. g4 $5 {Interesting idea, trying to
drive away the black knight from f6 and target the Pe4 later on.} ({After} 23.
Ng5 Rfe8 {I didn't like my position, even though that after} 24. f3 {White
should equalise.}) 23... Rfb8 (23... Nxg4 $1 24. b5 Ra5 25. Rg5 Bxb5 26. Rb1 {
I calculated till this point, and was satisfied, but an engine can see a bit
further:} d5 $1 27. Rxg4 Bxe2 {and with three healthy pawns for a piece, Black
is playing for a win. Especially that after} 28. Rg3 h6 {White's knight is
miserable.}) 24. g5 Ne8 25. b5 (25. Nf4 Rxb4 26. Bh3 Nd6 27. Bxd7 $1 Bxd7 28.
Rxc7 Rd8 29. Rxd6 Rb1+ 30. Kg2 Bh3+ 31. Kxh3 Rxd6 32. Rc8+ Kf7 33. Rc7+ $11)
25... Ra5 $6 (25... Rxb5 26. Rxb5 Bxb5 27. Bxe4 $11) 26. bxc6 $1 {This
exchange sacrifice is good, but also practically forced.} Rxc5 27. cxd7 Nd6 28.
Bxe4 Rd8 (28... Kf7 29. Bxh7 Ke7 {was another option. A similar exchange of
black's h-pawn for my d-pawn occurred later in the game.}) 29. Bd5+ Kf8 30. Be6
Ke7 31. Bg4 h5 $6 {In mutual time-trouble the play of both sides wasn't
optimal, of course.} (31... Nc4 $142 32. Rc1 Kd6 33. Rd1+ Ke7 $11) 32. Bxh5 $6
{I didn't want to give away my strong passed pawn, but I thought that it's
dangerous to open the g-file.} (32. gxh6 $1 gxh6 33. Nf4 Rg5 (33... h5 34. Bh3
$14) 34. h3 Rxd7 35. Kf1 Rd8 36. Rc1 $1 $14 {Attacking the pawn and
threatening Nf4-e6.} ({The immediate} 36. Ne6 $2 {is bad in view of} Rxg4 37.
Nxd8 Rc4 $1 {[%csl Rd8]} 38. e4 Nxe4 39. Nb7 $15)) 32... Rxd7 33. Bg4 Rd8 34.
Rd3 Nf7 35. Rxd8 $2 {Blaming myself for missing opponent's last move, I
swapped rooks, and immediately realised that I should have done everything to
keep the rooks on the board.} (35. Re3+ Re5 36. Rc3 $11) 35... Kxd8 {Now the
endgame is difficult for White. My knight is misplaced, while black's c-pawn
is a real factor.} 36. f4 Ke7 37. Kf2 Rc3 (37... Nd6 {would be also unpleasant.
}) 38. Ke1 $2 ({There was nothing better than} 38. Ng1) 38... Rc1+ 39. Kd2 Rh1
40. e4 Rxh2+ 41. Ke3 {First time trouble finished. I have neither the exchange,
nor the initiative, but still chances for a draw if I manage to roll my pawns
forward.} c5 $2 ({After} 41... Ra2 42. Nf2 Ra3+ 43. Nd3 c5 44. Ke2 c4 45. Nb4 {
and even if White will hold the endgame, it will be very close.}) 42. Nf2 {
Now the rook is stuck on h2.} Nd6 ({After} 42... c4 43. Nd1 {[%cal Gd1c3]} Rc2
44. Kd4 {Black's pawn is going nowhere.}) 43. e5 Nc4+ 44. Kf3 Nd2+ 45. Kg3 Nf1+
46. Kf3 c4 47. f5 c3 48. f6+ gxf6 49. gxf6+ (49. exf6+ $1 {would lead to a
more clear-cut draw.} Kf7 50. Bf5 Rh4 51. Nd3 Nd2+ 52. Kg3 Re4 $1 $11) 49...
Kf7 50. e6+ (50. Bf5 $1 Nd2+ (50... Rh4 51. Ne4 Nd2+ 52. Nxd2 cxd2 53. Ke2 Rh2+
54. Kd1 $11) 51. Kg3 Rh5 52. Kg4 c2 53. Bxc2 Rxe5 54. Kf4 Ra5 55. Ng4 $11)
50... Kxf6 51. Ne4+ Ke5 52. Nxc3 {Ok, I captured the last pawn, but still have
to suffer a bit. I thought, only a bit...} Rh8 53. Nd1 Rg8 54. Bh3 Nd2+ 55. Ke2
Ne4 56. Nf2 Nc3+ 57. Kf3 Rf8+ 58. Kg2 Nd5 {All Black's pieces are ideally
placed, so I have to be careful.} 59. Kg3 Rg8+ 60. Kf3 Ra8 61. Ng4+ Kd4 62. Nh6
Ra3+ 63. Kg4 Ke5 64. Nf7+ {I give up the pawn, but it doesn't change the
evaluation.} (64. Kh4 Kf4 {[%csl Rh4] is too risky.}) 64... Kxe6 65. Ng5+ Ke5
66. Nf3+ Ke4 67. Ng5+ Ke3 68. Bg2 Nf4 69. Be4 Ne2 70. Bc6 Ra1 71. Nf3 Rc1 72.
Bb5 Nc3 73. Bc6 Nd1 $1 {From the practical point of view my opponent played
this part of the game very well.} 74. Ba8 Ra1 75. Bc6 Ra5 76. Nh4 $2 {I can't
explain why I put my knight here and not on g5.} (76. Ng5 Nf2+ 77. Kh4 {
would keep the position drawish.}) 76... Nf2+ 77. Kg3 Rg5+ 78. Kh2 Ng4+ 79. Kh3
Ne5 80. Ng2+ Kf2 81. Kh4 {At this stage it was the last remaining game of the
match, with the score standing at 4-3 in favour of my team. So, to lose in
such a situation would be extremely unpleasant.} Rg7 $6 ({The simplest was} 
81... Rg3 $1 82. Bd5 Nf3+ 83. Bxf3 Rxf3 $19 {But, in our third bout of time
trouble we both missed this idea.}) 82. Ba8 Ra7 $2 {Missing the win, this time
a very difficult one, I must say.} (82... Nf3+ $1 83. Bxf3 Kxf3 84. Ne1+ Kf4 $1
(84... Ke2 $2 85. Nc2 Rd7 86. Kg5 Kd2 87. Nb4 Rd6 88. Kf5 Kc3 89. Ke5 $11) 85.
Nd3+ Ke4 $1 86. Nf2+ Kf3 87. Nd3 Re7 88. Kg5 Re3 $1 89. Nb2 Ke4 90. Nc4 Rd3 91.
Kf6 Rd4 92. Na5 Ra4 93. Nb7 Ra6+ 94. Kg5 Ke5 $1 (94... Kd5 $2 95. Nd8 $11) 95.
Nd8 (95. Nc5 Ra5 96. Nb3 Rd5 97. Kg4 Ke4 $19) 95... Rf6 $1 96. Nb7 Rf8 97. Nc5
Rd8 98. Kg6 Rd5 99. Nb3 Ke4 100. Kf6 Ke3 101. Ke6 Rb5 102. Nc1 Kd2 103. Na2 Rb2
$19 {If someone can work this all out at the board - he is a genius!}) 83. Bd5
Ra5 (83... Nf3+ 84. Bxf3 Kxf3 85. Ne1+ $11 Kf2 86. Nd3+ Ke3 87. Ne1 $1 $11 (87.
Ne5 $2 Kf4 88. Nd3+ Ke4 89. Nf2+ Kf3 90. Nd3 Re7 {would transpose to the
variation from the previous commentary.})) 84. Nf4 Ke3 85. Kg3 Ra4 86. Ng2+ Kd4
87. Be6 Ra3+ 88. Kf2 Nd3+ 89. Ke2 Nc5 90. Bf5 Ke5 91. Bc2 {Now I am safe.} Ne6
92. Kd2 Kd4 93. Nh4 Ra2 94. Nf3+ Kc4 95. Ne5+ Kd5 96. Nd3 Kd4 97. Nc1 Rb2 98.
Nd3 Rb8 99. Nc1 Nc5 100. Ne2+ Kc4 101. Ke3 Rh8 102. Bf5 Re8+ 103. Kf3 Rf8 {
There are only eleven moves left before I could claim a draw by the "fifty
moves rule", so my opponent decided to offer it already. A very tough fight
which lasted for over seven hours!} 1/2-1/2